Nombra un país que empiece con… (múltiple respuesta) - Estadísticas

Estadísticas generales
  • Esta prueba ha sido intentada 70 veces
  • La puntuación promedio es 21 de 26
Estadísticas de respuestas
Primeras 3 letras País % Correcto
Arg Argelia | Argentina
100%
Aus Australia | Austria
100%
Bel Bélgica | Belice
100%
Cam Camboya | Camerún
100%
Chi Chile | China | Chipre
100%
Gui Guinea | Guinea-Bissau +1
94%
Est E. F. Micronesia | Estados Unidos +1
92%
Ind India | Indonesia
92%
Bur Burkina Faso | Burundi
90%
Esl Eslovaquia | Eslovenia
90%
Cos Costa de Marfil | Costa Rica
88%
Isl Islandia | Islas Marshall | Islas Salomón
88%
Ira Irak | Irán
87%
Bar Barbados | Baréin
83%
Kir Kirguistán | Kiribati
83%
Lib Líbano | Liberia | Libia
83%
Mal Malasia | Malaui | Maldivas | Malí +1
81%
Mau Mauricio | Mauritania
75%
Cor Corea del Norte | Corea del Sur
73%
Mon Mónaco | Mongolia | Montenegro
71%
Nig Niger | Nigeria
71%
Rep R. Centroafricana | R. Checa +3
63%
Sud Sudáfrica | Sudán | Sudán del Sur
60%
San San Cristóbal y Nieves | San Marino +3
56%
Tai Tailandia | Taiwán
50%
Tur Turkmenistán | Turquía
46%
No se encontraron pruebas coincidentes
Distribución de puntuación
Porcentaje de gente con cada puntuación
Porcentaje por número respondido
Historial de tus puntuaciones
No has intentado esta prueba.